| 000 | 00816cam a22002651 4500 | ||
|---|---|---|---|
| 001 | sa 66006431 | ||
| 003 | DLC | ||
| 005 | 20260227112256.0 | ||
| 008 | 890803s1951 io 000 0 ind | ||
| 010 | _asa 66006431 | ||
| 035 | _a(OCoLC)23570585 | ||
| 040 |
_aDLC _cMiU _dDLC |
||
| 041 | 0 | _aindeng | |
| 042 | _apremarc | ||
| 050 | 0 | 0 |
_aJX937 1951 _b.A5 |
| 110 | 1 | _aIndonesia. | |
| 245 | 1 | 0 | _aPerdjandjian persahabatan Indonesia-India, disusun oleh Nurdjana Sutardjo. |
| 260 |
_aDjakarta, _bEndang _c[1951?] |
||
| 300 |
_a31 p. _billus., map. _c16 cm. |
||
| 500 | _aIncludes text of the Treaty of friendship in English. | ||
| 651 | 0 |
_aIndonesia _xForeign relations _zIndia. |
|
| 651 | 0 |
_aIndia _xForeign relations _zIndonesia. |
|
| 700 | 1 |
_aSutardjo, Nurdjana, _eed. |
|
| 710 | 1 |
_aIndia. _tTreaties, etc., 1951. |
|
| 999 |
_c70515 _d70515 |
||